[Event "Matinhos Caioba-ch"]
[Site "Matinhos"]
[Date "2015.08.28"]
[Round "2"]
[White "Moyses Sobrinho, Elias"]
[Black "Vilela, Bruno Ailton"]
[Result "1/2-1/2"]
[WhiteElo "1946"]
[BlackElo "1642"]
[PlyCount "96"]
[EventDate "2015.08.28"]
[EventType "swiss"]
[EventRounds "6"]
[EventCountry "BRA"]
[SourceTitle "EXT 2016"]
[Source "ChessBase"]
[SourceDate "2015.10.08"]
[SourceVersion "1"]
[SourceVersionDate "2015.10.08"]
[SourceQuality "1"]

1. e4 e6 2. d4 d5 3. Nc3 dxe4 4. Nxe4 Nf6 5. Bg5 Nbd7 6. Nf3 Be7 7. Nxf6+ Nxf6 8. Bc4 0-0 9. 0-0 b6 10. Ne5 Bb7 11. c3 Nd5 12. Bd2 Bg5 13. f4 Be7 14. Qg4 Nf6 15. Qh3 Bd5 16. Bd3 Be4 17. Rae1 Bxd3 18. Qxd3 c5 19. Nc6 Qd7 20. Nxe7+ Qxe7 21. f5 Qd7 22. fxe6 fxe6 23. Qc4 Qd5 24. Qxd5 exd5 25. Re7 Ne4 26. Bf4 Rf7 27. Re5 Rd8 28. dxc5 bxc5 29. Be3 Rxf1+ 30. Kxf1 Rd7 31. c4 Nf6 32. cxd5 Ng4 33. Re4 Nxe3+ 34. Rxe3 Rxd5 35. Ra3 Rd7 36. Ra5 Rc7 37. Ke2 Kf7 38. Kd3 Ke6 39. Kc4 Kd6 40. Ra6+ Ke5 41. b3 g6 42. Ra5 Kd6 43. h4 Re7 44. Ra6+ Ke5 45. Kxc5 Kf4 46. Kd6 Rb7 47. Ke6 Kg3 48. Ra4 Kxg2 1/2-1/2

[Event "Curitiba Sul Regional-ch"]
[Site "Curitiba"]
[Date "2015.07.12"]
[Round "5"]
[White "Vilela, Bruno Ailton"]
[Black "Silva, Jailson Carvalho Da"]
[Result "1-0"]
[WhiteElo "1643"]
[BlackElo "1782"]
[PlyCount "95"]
[EventDate "2015.07.10"]
[EventType "swiss"]
[EventRounds "6"]
[EventCountry "BRA"]
[SourceTitle "EXT 2017"]
[Source "ChessBase"]
[SourceDate "2016.10.25"]
[SourceVersion "1"]
[SourceVersionDate "2016.10.25"]
[SourceQuality "1"]

1. e4 d6 2. Nf3 Nf6 3. Nc3 c5 4. d4 cxd4 5. Nxd4 g6 6. f3 Bg7 7. Be3 a6 8. Qd2 0-0 9. Bh6 Bxh6 10. Qxh6 Qa5 11. g4 Nc6 12. Nb3 Qb4 13. 0-0-0 Be6 14. h4 Rac8 15. h5 Ne5 16. hxg6 fxg6 17. g5 Nh5 18. Rxh5 gxh5 19. Qxh5 Rxf3 20. Bg2 Bg4 21. Qh2 Rfxc3 22. bxc3 Rxc3 23. Rh1 Nd3+ 24. Kb1 Rxb3+ 25. axb3 Qc3 26. Qxh7+ Kf8 27. Qh8+ Qxh8 28. Rxh8+ Kg7 29. Rb8 Nc5 30. Bf1 b5 31. Ra8 Ne6 32. Rxa6 Nxg5 33. Bxb5 Nxe4 34. Bd3 Nc5 35. Ra7 Kf6 36. Kc1 e5 37. Kd2 e4 38. Be2 Be6 39. b4 Nd7 40. Ke3 Ke5 41. Ra5+ d5 42. c4 Kd6 43. cxd5 Bxd5 44. Kd4 Nb6 45. Rb5 Kc6 46. Rxb6+ Kxb6 47. Kxd5 Kb7 48. Kxe4 1-0

[Event "Sao Bento do Sul op 4th"]
[Site "Sao Bento do Sul"]
[Date "2015.06.05"]
[Round "1"]
[White "Cunha, Lucas Aguiar"]
[Black "Vilela, Bruno Ailton"]
[Result "1-0"]
[WhiteElo "2316"]
[BlackElo "1643"]
[PlyCount "35"]
[EventDate "2015.06.05"]
[EventType "swiss"]
[EventRounds "6"]
[EventCountry "BRA"]
[SourceTitle "EXT 2017"]
[Source "ChessBase"]
[SourceDate "2016.10.25"]
[SourceVersion "1"]
[SourceVersionDate "2016.10.25"]
[SourceQuality "1"]

1. e4 e6 2. d4 d5 3. Nd2 c5 4. exd5 Qxd5 5. Ngf3 Nf6 6. Bc4 Qd8 7. 0-0 cxd4 8. Nb3 Be7 9. Nbxd4 0-0 10. Qe2 Bd7 11. Rd1 Qc7 12. Ne5 Rd8 13. Nxf7 Rc8 14. Bxe6 Bxe6 15. Qxe6 Kf8 16. Ne5 Bc5 17. Nb5 Bxf2+ 18. Kh1 1-0

[Event "Parana-chT"]
[Site "Sao Jose dos Pinhais"]
[Date "2014.10.16"]
[Round "4.4"]
[White "Vilela, Bruno Ailton"]
[Black "Ricken Silveira, Ivan Kuelkamp"]
[Result "1-0"]
[WhiteElo "1642"]
[BlackElo "1713"]
[PlyCount "74"]
[EventDate "2014.10.13"]
[EventType "team-swiss"]
[EventRounds "6"]
[EventCountry "BRA"]
[SourceTitle "EXT 2015"]
[Source "ChessBase"]
[SourceDate "2014.11.20"]
[SourceVersion "1"]
[SourceVersionDate "2014.11.20"]
[SourceQuality "1"]
[WhiteTeam "Curitiba"]
[BlackTeam "Manoel Ribas"]
[WhiteTeamCountry "BRA"]
[BlackTeamCountry "BRA"]

1. e4 c5 2. Nf3 Nc6 3. d4 cxd4 4. Nxd4 a6 5. Nc3 e6 6. Be3 Nf6 7. a3 g6 8. Be2 Bg7 9. Qd2 0-0 10. Nxc6 bxc6 11. Bh6 Rb8 12. Bxg7 Kxg7 13. b3 e5 14. Qd6 Bb7 15. Qxe5 Re8 16. Qf4 c5 17. f3 Qa5 18. Qd2 Rbd8 19. Bd3 d5 20. 0-0 dxe4 21. Nxe4 Qb6 22. Qe3 Nxe4 23. Bxe4 f5 24. Qc3+ Kh6 25. Bxb7 Qxb7 26. Qxc5 Rc8 27. Qf2 Qc6 28. c4 a5 29. Qd2+ Kg7 30. Qxa5 Re2 31. Rfe1 Rce8 32. Rxe2 Rxe2 33. Qd5 Qf6 34. Rd1 Qg5 35. Qd4+ Kh6 36. g3 Qh5 37. Qh4 g5 1-0

[Event "Maringa op 4th"]
[Site "Maringa"]
[Date "2014.08.23"]
[Round "7"]
[White "Vilela, Bruno Ailton"]
[Black "Cantarino Neto, Mario Ribeiro"]
[Result "1/2-1/2"]
[WhiteElo "1630"]
[BlackElo "2115"]
[PlyCount "68"]
[EventDate "2014.08.20"]
[EventType "swiss"]
[EventRounds "9"]
[EventCountry "BRA"]
[SourceTitle "EXT 2015"]
[Source "ChessBase"]
[SourceDate "2014.11.20"]
[SourceVersion "1"]
[SourceVersionDate "2014.11.20"]
[SourceQuality "1"]

1. e4 e5 2. Nf3 Nc6 3. d4 exd4 4. Nxd4 Nf6 5. Nxc6 bxc6 6. Bd3 d5 7. exd5 Qe7+ 8. Qe2 Qxe2+ 9. Bxe2 cxd5 10. Bb5+ Bd7 11. Bxd7+ Kxd7 12. 0-0 Bd6 13. Nc3 c6 14. h3 Rab8 15. Rb1 Rb4 16. Re1 Rhb8 17. b3 R4b7 18. Na4 c5 19. Bb2 Kc6 20. Bxf6 gxf6 21. Rbd1 Be5 22. Rd3 c4 23. Rf3 Rd7 24. Rf5 d4 25. f4 d3 26. fxe5 dxc2 27. Rxf6+ Kb5 28. Rc1 cxb3 29. axb3 Rc8 30. Nb2 Kb4 31. Rf3 Rc3 32. Nd3+ Rdxd3 33. Rxd3 Rxd3 34. Rxc2 Kxb3 1/2-1/2